Fragments of the Ethical writings of Certain Pythagoreans in the Doric Dialect and a collection of Pythagoric Sentences from Stobeus and others, which are omitted by gale in his Opuscula Mythologica
Αποθηκεύτηκε σε:
| Άλλοι συγγραφείς: | |
|---|---|
| Μορφή: | Βιβλίο |
| Γλώσσα: | English |
| Δημοσίευση: |
Edmonds, W.A. :
The Alexandrian Press,
1983.
|
| Θέματα: | |
| Ετικέτες: |
Προσθήκη ετικέτας
Δεν υπάρχουν, Καταχωρήστε ετικέτα πρώτοι!
|
MARC
| LEADER | 00000cam a2200000 i 4500 | ||
|---|---|---|---|
| 001 | 1/47198 | ||
| 008 | 950721s1983 us ||| | eng|| | ||
| 020 | |a 0-916411-00-1 | ||
| 035 | |1 ΕΛΗ |a 1995 |b 1807 |c ΧΑΤΖΗΣΑΒΒΑΣ |l 10042998 | ||
| 040 | |a GR-MyUA |b gre |e AACR2 | ||
| 041 | 0 | |a eng | |
| 082 | 0 | |a 182.2 | |
| 245 | 1 | 0 | |a Fragments of the Ethical writings of Certain Pythagoreans in the Doric Dialect and a collection of Pythagoric Sentences from Stobeus and others, which are omitted by gale in his Opuscula Mythologica / |c translated from the Greek by Thomas Taylor. |
| 246 | 3 | 3 | |a Pythagorean Precepts |
| 260 | |a Edmonds, W.A. : |b The Alexandrian Press, |c 1983. | ||
| 300 | |a 57 σ. ; |c 22 εκ. | ||
| 600 | 0 | 0 | |a Πυθαγόρας, |d π. 580-π. 500. |
| 650 | 0 | 0 | |a Philosophers |z Greece |x Biography. |
| 650 | 0 | 0 | |a Ethics, Ancient. |
| 650 | 0 | 0 | |a Philosophy, Ancient. |
| 650 | 0 | 0 | |a Pythagoras and Pythagorean School. |
| 700 | 1 | |a Taylor, Thomas, |d 1758-1835, |e trl | |
| 852 | |a INST |b SAMOS |e 19950721 |h 182.2 FRA |p 005300009066 |q 005300009066 |t BK |y 0 | ||
| 901 | |a BIBL-1997-1 | ||
| 909 | |a Σ |b 050126 | ||